Online Catalogue and eLibrary

The management of cooperatives : (Record no. 2681)

MARC details
000 -LEADER
fixed length control field 00258nam a2200097Ia 4500
008 - FIXED-LENGTH DATA ELEMENTS--GENERAL INFORMATION
fixed length control field 240331s9999 xx 000 0 und d
082 ## - DDC Classification
Item Number - Author Mark MAN
100 ## - MAIN ENTRY--PERSONAL NAME
Personal name Xuan L. N. ed
245 #4 - TITLE STATEMENT
Title The management of cooperatives :
Remainder of title agricultural problems-Vietnamese
942 ## - Koha item type (Biblio)
Koha item type Books in Stacks (Lending)
Holdings
Lost status Damaged status Collection code Home library Current library Shelving location Date acquired Full call number Accession Number Item type
    Lending WERC Library WERC Library Social Science Cupboard 03/31/2024 334 MAN 228 Books in Stacks (Lending)

© WERC Library